Sociology of underdevelopment (Record no. 356689)

000 -LEADER
fixed length control field 00420cam a22001337a 4500
008 - FIXED-LENGTH DATA ELEMENTS--GENERAL INFORMATION
fixed length control field 180718b1976 xxu||||| |||| 00| 0 eng d
082 ## - DEWEY DECIMAL CLASSIFICATION NUMBER
Classification number Z000 Z66
245 ## - TITLE STATEMENT
Title Sociology of underdevelopment
Statement of responsibility, etc. edited by Carle C. Zimmerman and Richard E. Duword
260 ## - PUBLICATION, DISTRIBUTION, ETC.
Place of publication, distribution, etc. Jaipur
Name of publisher, distributor, etc. Rawat
Date of publication, distribution, etc. 1976
300 ## - PHYSICAL DESCRIPTION
Extent 422p.
650 ## - SUBJECT ADDED ENTRY--TOPICAL TERM
Topical term or geographic name entry element Developing countries --Economic conditions
700 ## - ADDED ENTRY--PERSONAL NAME
Personal name Duword, Richard E.
700 ## - ADDED ENTRY--PERSONAL NAME
Personal name Zimmerman, Carle C.
Holdings
Withdrawn status Lost status Damaged status Not for loan Permanent Location Current Location Date acquired Full call number Barcode Date last seen Price effective from Koha item type
        Indian Institute of Public Administration Indian Institute of Public Administration 1994-01-07 Z000 Z66 51774 2018-07-21 2018-07-21 Book

Powered by Koha